Titularización / (Registro nro. 8304)

Detalles MARC
000 -LEADER
fixed length control field 00914nam a2200193Ia 4500
003 - CONTROL NUMBER IDENTIFIER
control field OSt
005 - DATE AND TIME OF LATEST TRANSACTION
control field 20210813141741.0
008 - FIXED-LENGTH DATA ELEMENTS--GENERAL INFORMATION
fixed length control field 210310s1993 ck fr 100 0 spa d
040 ## - CATALOGING SOURCE
Original cataloging agency CO-JMCR
Transcribing agency CO-JMCR
041 0# - LANGUAGE CODE
Language code of text/sound track or separate title spa
082 04 - DEWEY DECIMAL CLASSIFICATION NUMBER
Classification number 336.32 /
Item number S471t1
Edition number 23
111 2# - MAIN ENTRY--MEETING NAME
Meeting name or jurisdiction name as entry element Seminario sobre Titularización
Date of meeting or treaty signing (1992 :
Location of meeting Bogotá)
9 (RLIN) 39382
245 10 - TITLE STATEMENT
Title Titularización /
Statement of responsibility, etc. Bolsa de Bogotá
260 ## - PUBLICATION, DISTRIBUTION, ETC.
Place of publication, distribution, etc. Bogotá :
Name of publisher, distributor, etc. Bolsa de Bogotá,
Date of publication, distribution, etc. 1993
300 ## - PHYSICAL DESCRIPTION
Extent 98 páginas ;
Dimensions 28 cm.
505 0# - FORMATTED CONTENTS NOTE
Formatted contents note Marco general de los procesos de titularización -- El proceso de desintermediación financiera en la consecución de recursos -- La movilización de cartera -- El proceso de titularización: Una vía de financiación -- Marco económico y jurídico de la titularización en Colombia -- Aparte de actualización -- Titularización en el mercado de valores inmobiliarios
650 14 - SUBJECT ADDED ENTRY--TOPICAL TERM
Topical term or geographic name entry element Valores
9 (RLIN) 16897
Geographic subdivision Colombia
942 ## - ADDED ENTRY ELEMENTS (KOHA)
Source of classification or shelving scheme Dewey Decimal Classification
Koha item type Books
Existencias
Withdrawn status Lost status Source of classification or shelving scheme Damaged status Not for loan Collection code Home library Current library Date acquired Source of acquisition Full call number Barcode Date last seen Copy number Koha item type
    Dewey Decimal Classification     Non-fiction Biblioteca Pública José María del Castillo y Rada Biblioteca Pública José María del Castillo y Rada 04/15/2018 Donación 336.32 / S471t1 430002903 05/16/2024 Ej.1 Books